Bomvento no Brasil (Registo nº 29251)

Detalhes MARC
000 -Etiqueta do registo
Valores 00673cam a2200277 4500
021 ## - Número do Depósito Legal
-- PT
Número 29941/89
090 ## -
-- 29251
095 ## -
-- PTBN00259195
100 ## - Dados gerais de processamento
Dados gerais 19900821d1990 de y0pory5003 ba
101 0# - Língua de publicação
-- por
102 ## - País de publicação
-- PT
105 ## -
-- a t 000zy
106 ## -
-- r
200 1# - Titulo e menção de responsabilidade
Título próprio Bomvento no Brasil
Primeira menção de responsabilidade texto e des. José Ruy
205 ## - Menção da edição
Edição 1a ed
210 ## - Publicação
Local de publicação Porto
Nome do editor Asa,
Data de publicação 1990
215 ## - Descrição física 
Paginação / Volumes [2], 48, [2] p.
Outras indicações físicas todo il.
Dimensões 31 cm
225 2# - Colecção 
Título próprio da colecção Aventuras de Porto Bomvento
Indicação de volume 3
675 ## - CDU
Notação 087.5
Edição BN
Língua por
675 ## - CDU
Notação 981
Edição BN
Língua por
700 #1 - Autor principal (pessoa individual)
Apelido Rui,
Nome José,
Datas 1930-
801 #0 - Fonte de origem
País PT
Agência BN
Regras de catalogação RPC
930 ## -
-- BECRE
990 ## - Elementos KOHA
Tipo de documento Livro
995 ## - Localização e informação dos exemplares
-- 18
Exemplares
Situação do levantamento Estado Biblioteca de origem Biblioteca de empréstimo Código de barras Cota Permissão de empréstimo Tipo de documento
  Completo Biblioteca da Escola Básica e Secundária Dr Isidoro de Sousa Biblioteca da Escola Básica e Secundária Dr Isidoro de Sousa 5009EV 087.5 RUI Disponível Livro




Powered by Koha